Человек в современной социально-культурной ситуации: Материалы международной научно-практической конференции, 25-26 мая

Bibliographic Details
Corporate Author: Санкт-Петербургский гуманитарный университет профсоюзов (СПбГУП)
Language:Russian
Published: СПб., [Б. и.], 1994
Subjects:
Format: Book
KOHA link:https://koha.lib.tpu.ru/cgi-bin/koha/opac-detail.pl?biblionumber=15470

MARC

LEADER 00000nam0a2200000 4500
001 15470
005 20231030190230.0
035 |a (RuTPU)RU\TPU\book\15578 
035 |a BOOK00015647 
090 |a 15470 
100 |a 20011209d1994 km y0rusy50 ca 
101 0 |a rus 
102 |a RU 
105 |a y z 100zy 
200 1 |a Человек в современной социально-культурной ситуации  |e Материалы международной научно-практической конференции, 25-26 мая  |f Санкт-Петербургский гуманитарный университет профсоюзов (СПбГУП) 
210 |a СПб.  |c [Б. и.]  |d 1994 
215 |a 148 с. 
610 1 |a социология 
610 1 |a личность 
610 1 |a общество 
610 1 |a культура 
610 1 |a конференции 
686 |a С55.35ло  |v LBC/SL-A  |2 rubbk 
712 0 2 |a Санкт-Петербургский гуманитарный университет профсоюзов (СПбГУП)  |2 stltpush  |3 (RuTPU)RU\TPU\col\433 
801 0 |a RU  |b 63413507  |c 20011209  |g PSBO 
801 2 |a RU  |b 63413507  |c 20130820  |g PSBO 
900 |a Социология 
942 |c BK